[Event "Landsturneringen 2015"]
[Site "Oslo NOR"]
[Date "2015.07.09"]
[Round "7"]
[White "Thorvaldsen, Idun"]
[Black "Evensen, Per-Erik"]
[Result "0-1"]
[WhiteElo "1047"]
[BlackElo "1004"]
[Annotator "Thorvaldsen,Idun"]
[PlyCount "70"]
[EventDate "2015.07.04"]

1. d4 c6 2. c4 d5 3. Nc3 Nf6 4. Bg5 e6 5. e3 Be7 6. Nf3 Nbd7 7. Bd3 c5 8. O-O
cxd4 9. Nxd4 O-O 10. cxd5 Nxd5 11. Bxe7 Nxe7 12. Qc2 Nf6 13. Rac1 Bd7 14. Rfd1
Qa5 15. a3 Rac8 16. Qb3 b6 17. Ndb5 Bxb5 18. Nxb5 Rxc1 19. Rxc1 a6 20. Nd4 b5
21. h3 (21. Nxe6 fxe6 22. Qxe6+ Rf7 23. Bc2 Nfd5 24. Bxh7+ Kxh7 25. Qxf7) 21...
Qb6 22. Qd1 Rd8 23. Qf3 Qd6 24. Rd1 Qc7 25. g4 Nfd5 26. Qe4 Nf6 27. Qg2 Nfd5
28. Kf1 Ng6 29. Ke2 Ndf4+ 30. exf4 Nxf4+ 31. Kf1 Nxg2 32. Kxg2 g6 33. Be4 e5
34. Ne6 fxe6 35. Rxd8+ Qxd8 0-1

[Event "Landsturneringen 2015"]
[Site "Oslo NOR"]
[Date "2015.07.10"]
[Round "8"]
[White "Johansen, Aleksander"]
[Black "Thorvaldsen, Idun"]
[Result "0-1"]
[WhiteElo "1144"]
[BlackElo "1047"]
[Annotator "Thorvaldsen,Idun"]
[PlyCount "36"]
[EventDate "2015.07.04"]

1. e4 e5 2. Nf3 Nc6 3. Bc4 Nf6 4. d3 h6 5. c3 Bc5 6. Bb3 d6 7. h3 a6 8. Nbd2
Qe7 9. Nf1 Be6 10. Bc2 O-O-O 11. b4 Bb6 12. Qe2 d5 13. Ba4 Qd6 14. Bxc6 Qxc6
15. Bb2 dxe4 16. dxe4 Nxe4 17. N1d2 (17. Nxe5 Qd5 18. c4 Qd6 19. c5 Nxc5 20.
bxc5 Ba5+ 21. Nd2 Qxd2+ 22. Qxd2 Rxd2) 17... Bxf2+ 18. Kd1 Bc4 0-1

[Event "Landsturneringen 2015"]
[Site "Oslo NOR"]
[Date "2015.07.11"]
[Round "9"]
[White "Thorvaldsen, Idun"]
[Black "Nygaard, Trond"]
[Result "0-1"]
[WhiteElo "1047"]
[BlackElo "1095"]
[Annotator "Thorvaldsen,Idun"]
[PlyCount "108"]
[EventDate "2015.07.04"]

1. d4 Nf6 2. c4 g6 3. Nc3 Bg7 4. e4 d6 5. Nf3 O-O 6. Bd3 c5 7. d5 h6 8. h3 e5
9. O-O Nh5 10. Qc2 Nd7 11. Ne2 Re8 12. a3 Nf8 13. b4 b6 14. Nh2 Bd7 15. b5 f5
16. Rb1 f4 17. Qd1 Nh7 18. Nc3 Rf8 19. Be2 N7f6 20. Ng4 Qc8 21. Nxf6+ Nxf6 22.
Qd3 h5 23. Nd1 h4 24. Qf3 g5 25. Ne3 fxe3 26. Qxe3 Bh6 27. Bd2 Qe8 28. a4 Qg6
29. g4 hxg3 30. fxg3 Bxh3 31. Rf2 Nxe4 32. Rxf8+ Rxf8 33. Bd3 Rf4 34. Kh2 Rf2+
35. Qxf2 Bf5 36. Bxe4 Qh5+ 37. Kg1 Bxe4 38. Qh2 Bg6 39. Qxh5 Bxh5 40. Rf1 Kg7
41. Kg2 e4 42. Bc3+ Kh7 43. Rf6 Bg7 44. Re6 (44. Kf2 Bxf6 45. Bxf6 {Holder
remis.}) 44... Bxc3 45. Rxe4 Be5 46. g4 Bg6 47. Re3 Kg7 48. Kf1 Kf7 49. Ke2 Ke7
50. Kf3 Kd7 51. Ra3 Bc2 52. Kg2 Bd1 53. Kh3 Be2 54. a5 Bf1# 0-1

[Event "Landsturneringen 2015"]
[Site "Oslo NOR"]
[Date "2015.07.06"]
[Round "3"]
[White "Thorvaldsen, Thomas"]
[Black "Munk, Julian"]
[Result "0-1"]
[WhiteElo "1033"]
[BlackElo "1256"]
[Annotator "Thorvaldsen,Idun"]
[PlyCount "80"]
[EventDate "2015.07.04"]

1. e4 c5 2. Nf3 Nc6 3. d4 cxd4 4. Nxd4 d6 5. c4 Nf6 6. Nc3 g6 7. Be3 Bg7 8. Be2
Bd7 9. O-O O-O 10. Qd2 Rc8 11. f3 a6 12. Rad1 Re8 13. Rfe1 Ne5 14. b3 Nc6 15.
Bf1 Nh5 16. Nce2 e6 17. Nc2 Bf8 18. c5 d5 19. exd5 exd5 20. Qxd5 Bf5 21. Qxd8
Rcxd8 22. Ncd4 Nxd4 23. Nxd4 Bxc5 24. Bf2 $2 Rxe1 25. Rxe1 Bxd4 26. g4 Bxf2+
27. Kxf2 Rd2+ 28. Re2 Rxe2+ 29. Bxe2 Nf4 30. gxf5 Nxe2 31. Kxe2 gxf5 32. Ke3
Kg7 33. Kf4 Kf6 34. h3 h6 35. a3 b6 36. b4 b5 37. h4 h5 38. Ke3 Ke5 39. f4+ Kd5
40. Kd3 f6 0-1

[Event "Landsturneringen 2015"]
[Site "Oslo NOR"]
[Date "2015.07.06"]
[Round "4"]
[White "Thorvaldsen, Thomas"]
[Black "Øye-Strømberg, Alexander"]
[Result "1-0"]
[WhiteElo "1033"]
[BlackElo "752"]
[PlyCount "57"]
[EventDate "2015.07.04"]

1. e4 e6 2. d4 d5 3. e5 c5 4. c3 Nc6 5. Nf3 Qb6 6. Bd3 Bd7 7. Bc2 Nh6 8. O-O
Be7 9. a3 O-O 10. b4 cxd4 11. cxd4 Nf5 12. Bb2 Rac8 13. Bxf5 exf5 14. Nc3 Be6
15. Rc1 f6 16. Na4 Qc7 17. b5 Bd7 18. bxc6 Bxc6 19. Nc5 Qb6 20. Qd2 Bb5 21.
Rfe1 fxe5 22. a4 Bc4 23. Nd7 Bb4 24. Qg5 Qa5 25. Nxf8 Bxe1 26. Ne6 g6 27. Rxe1
Bb3 28. Qe7 Rc7 29. Qf8# 1-0

[Event "Landsturneringen 2015"]
[Site "Oslo NOR"]
[Date "2015.07.07"]
[Round "5"]
[White "Skaslien, Eva"]
[Black "Thorvaldsen, Thomas"]
[Result "1/2-1/2"]
[WhiteElo "619"]
[BlackElo "1033"]
[PlyCount "51"]
[EventDate "2015.07.04"]

1. d4 Nf6 2. Nf3 g6 3. Bg5 Bg7 4. Nbd2 O-O 5. e3 d6 6. Bd3 c5 7. c3 b6 8. O-O
Bb7 9. Rc1 Nbd7 10. Qe2 Rc8 11. h3 Re8 12. Rfe1 Qc7 13. a3 e5 14. dxe5 Nxe5 15.
Nxe5 dxe5 16. Ba6 Red8 17. Bxb7 Qxb7 18. Red1 Rd6 19. Nc4 Rxd1+ 20. Qxd1 Ne4
21. Bh4 Qa6 22. Nd2 Qd3 23. Nxe4 Qxe4 24. Qd7 Ra8 25. Bg3 h5 26. b4 1/2-1/2

[Event "Landsturneringen 2015"]
[Site "Oslo NOR"]
[Date "2015.07.08"]
[Round "6"]
[White "Rønnestad, Liam Jansson"]
[Black "Thorvaldsen, Thomas"]
[Result "0-1"]
[WhiteElo "839"]
[BlackElo "1033"]
[PlyCount "44"]
[EventDate "2015.07.04"]

1. e4 e5 2. f4 Nc6 3. Nf3 Be7 4. Bc4 d6 5. O-O exf4 6. d4 g5 7. Nc3 g4 8. Ne1
Bf6 9. Bxf4 Bxd4+ 10. Kh1 Be6 11. Bxe6 fxe6 12. Qxg4 Qf6 13. Nd3 Qg7 14. Qxe6+
Nge7 15. Rf3 Bxc3 16. bxc3 Qxc3 17. Rc1 Nd4 18. Ne5 Nxe6 19. Rxc3 Nxf4 20. Rxc7
dxe5 21. Rd1 Rf8 22. Rdd7 Nfd5 0-1

[Event "Landsturneringen 2015"]
[Site "Oslo NOR"]
[Date "2015.07.09"]
[Round "7"]
[White "Thorvaldsen, Thomas"]
[Black "Kvaløy, Aksel Bu"]
[Result "0-1"]
[WhiteElo "1033"]
[BlackElo "1065"]
[PlyCount "66"]
[EventDate "2015.07.04"]

1. e4 e6 2. d4 d5 3. e5 c5 4. c3 Qb6 5. Nf3 Nc6 6. Bd3 Nge7 7. O-O Ng6 8. Re1
Be7 9. a3 O-O 10. Bc2 Bd7 11. b4 cxd4 12. cxd4 a5 13. bxa5 Nxa5 14. Nc3 Rfc8
15. Qd2 Nc4 16. Qd3 Bxa3 17. Bxa3 Nxa3 18. Rec1 Qc7 19. Ne1 $2 Qxc3 20. Qxc3
Rxc3 21. Bxg6 Rxc1 22. Bxf7+ Kxf7 23. Rxc1 Rc8 24. Ra1 Nc2 25. Nxc2 Rxc2 26. g3
Rd2 27. f4 Rxd4 28. Kg2 b5 29. Kf3 Ra4 30. Rb1 Ra3+ 31. Kg4 Kg6 32. Rc1 b4 33.
Rc7 h5+ 0-1

[Event "Landsturneringen 2015"]
[Site "Oslo NOR"]
[Date "2015.07.10"]
[Round "8"]
[White "Shehzad, Alisha"]
[Black "Thorvaldsen, Thomas"]
[Result "0-1"]
[WhiteElo "891"]
[BlackElo "1033"]
[Annotator "Thorvaldsen,Idun"]
[PlyCount "64"]
[EventDate "2015.07.04"]

1. e4 e5 2. Nf3 Nc6 3. Bb5 Nf6 4. d3 Bc5 5. O-O d6 6. h3 O-O 7. Bg5 Nd4 8. Nxd4
Bxd4 9. Nc3 c6 10. Ba4 Qa5 11. Bb3 Nd7 12. Bd2 Qc7 13. Rb1 Nc5 14. Ne2 Nxb3 15.
axb3 Bb6 16. Ng3 f5 17. exf5 Bxf5 18. Nxf5 Rxf5 19. Be3 Raf8 20. Qd2 Qf7 21.
Bxb6 axb6 22. Rbe1 Qg6 23. Kh1 Rg5 24. Rg1 {[%emt 0:00:00] Dette er feil trekk
- sjekk med Thomas} Qf5 25. Re2 Rh5 26. Kh2 Qg4 27. Re4 Qe6 28. Rf1 Rf3 29. Rg4
$4 Qxg4 30. Kg1 Rfxh3 31. f3 Qd4+ 32. Rf2 Rh1# 0-1

[Event "Landsturneringen 2015"]
[Site "Oslo NOR"]
[Date "2015.07.11"]
[Round "9"]
[White "Thorvaldsen, Thomas"]
[Black "Mansoor, Afras"]
[Result "0-1"]
[WhiteElo "1033"]
[BlackElo "1555"]
[PlyCount "100"]
[EventDate "2015.07.04"]

1. e4 c6 2. Nf3 d5 3. Nc3 Bg4 4. d3 e5 5. exd5 cxd5 6. Be2 Bxf3 7. Bxf3 Bb4 8.
O-O Ne7 9. a3 Bxc3 10. bxc3 O-O 11. Rb1 Qc7 12. c4 Rd8 13. cxd5 Nxd5 14. c4 Nb6
15. Re1 Nc6 16. Qe2 f6 17. Be3 Nd4 18. Bxd4 Rxd4 19. Red1 Rad8 20. Qc2 R8d7 21.
Be4 Qc5 22. Qb3 Kh8 23. h3 g6 24. g4 Qd6 25. Qb4 Qxb4 26. axb4 Nxc4 27. Rdc1
Nb6 28. Kf1 Nd5 29. Rc4 Rxc4 30. dxc4 Nc3 31. Re1 Nxe4 32. Rxe4 Kg7 33. Ke2 Kf7
34. Ke3 Ke6 35. f4 Rd1 36. fxe5 fxe5 37. Ke2 Rb1 38. b5 Rb2+ 39. Kf3 Rb3+ 40.
Re3 Rxe3+ 41. Kxe3 Kd6 42. Ke4 Kc5 43. Kxe5 Kxc4 44. Kf6 Kxb5 45. h4 a5 46. Kg7
a4 47. Kxh7 a3 48. Kxg6 a2 49. g5 a1=Q 50. Kh6 Qh8+ 0-1

[Event "Landsturneringen 2015"]
[Site "Oslo NOR"]
[Date "2015.07.05"]
[Round "2"]
[White "Berezkin, Alexander"]
[Black "Kielland-Lund, Jon"]
[Result "1/2-1/2"]
[WhiteElo "1469"]
[BlackElo "1587"]
[PlyCount "106"]
[EventDate "2015.07.04"]

1. d4 d5 2. c4 c6 3. Nf3 Nf6 4. e3 Bf5 5. Nc3 e6 6. a3 a5 7. c5 b5 8. b3 Be7 9.
Bb2 O-O 10. Be2 Nbd7 11. Nh4 Ne4 12. Nxf5 exf5 13. O-O Ndf6 14. Nxe4 fxe4 15.
Qc2 Qd7 16. f3 Rfe8 17. Rae1 Bd8 18. Bc1 Bc7 19. fxe4 Nxe4 20. Bd3 Re6 21. Bxe4
Rxe4 22. Rf3 Rae8 23. Ref1 f6 24. Qf2 Qe6 25. Bd2 Rg4 26. Rf5 Qe4 27. Qf3 Qxf3
28. R5xf3 Rh4 29. h3 Rhe4 30. g4 h6 31. Kf2 Kh7 32. Ke2 Rxd4 33. Bc3 Rde4 34.
Kd3 R8e6 35. Bd4 Re8 36. R1f2 R8e6 37. Rf1 Be5 38. Bxe5 R6xe5 39. R1f2 Kg6 40.
Rf1 h5 41. Rg1 hxg4 42. hxg4 a4 43. b4 Kg5 44. Rf5+ Rxf5 45. gxf5+ Kxf5 46.
Rxg7 Re6 47. Kd4 Re8 48. Rc7 Re6 49. Kd3 Kg4 50. Rh7 Kg3 51. Rh6 Kf3 52. Rh3+
Kf2 53. Rh2+ Kf3 1/2-1/2

[Event "Landsturneringen 2015"]
[Site "Oslo NOR"]
[Date "2015.07.06"]
[Round "3"]
[White "Kielland-Lund, Jon"]
[Black "Taranger, Rune"]
[Result "1/2-1/2"]
[WhiteElo "1587"]
[BlackElo "1507"]
[Annotator "Kielland-Lund,Jon"]
[PlyCount "64"]
[EventDate "2015.07.04"]

1. c4 c5 2. Nf3 Nc6 3. Nc3 e5 4. e3 g6 5. d4 exd4 6. exd4 d6 7. d5 Nce7 8. Bg5
Bg7 9. Be2 Nf6 10. Qd2 h6 11. Bh4 Nf5 12. Bg3 Nxg3 13. hxg3 Bg4 14. Qe3+ Qe7
15. Qxe7+ Kxe7 16. Kd2 Bxf3 17. Bxf3 h5 18. Rae1+ Kd7 19. Bd1 Rad8 20. Re2 Kc8
21. Ba4 Nd7 22. f4 Nb6 23. Bb3 a6 24. Rhe1 Bxc3+ 25. Kxc3 Rd7 26. Bc2 Kd8 27.
f5 g5 28. a4 a5 29. b3 f6 30. Re6 Rh6 31. Re8+ Kc7 32. Kd3 Rf7 {Og hvit kom
ingen vei, helt likt i følge critter.} 1/2-1/2

[Event "Landsturneringen 2015"]
[Site "Oslo NOR"]
[Date "2015.07.06"]
[Round "4"]
[White "Eriksen, Dag"]
[Black "Kielland-Lund, Jon"]
[Result "1/2-1/2"]
[WhiteElo "1543"]
[BlackElo "1587"]
[Annotator "Kielland-Lund,Jon"]
[PlyCount "64"]
[EventDate "2015.07.04"]

1. e4 c6 2. c4 d5 3. cxd5 cxd5 4. exd5 Nf6 5. Qa4+ Nbd7 6. Nc3 g6 7. g3 Bg7 8.
Bg2 O-O 9. Nge2 Nb6 10. Qb3 e6 11. O-O Nbxd5 12. d4 Qb6 13. Be3 Qxb3 14. axb3
Bd7 15. Nf4 Bc6 16. Nd3 a6 17. Na4 Rac8 18. Ne5 Bxa4 19. bxa4 Rc2 20. Nd3 a5
21. Rab1 b6 22. Ne5 Rfc8 23. Rfe1 Bf8 24. Bg5 R8c7 25. Bf1 Bb4 26. Re2 Rxe2 27.
Bxe2 Kg7 28. Rc1 Rxc1+ 29. Bxc1 h6 30. h4 h5 31. Bg5 (31. Bg4 Bd6) 31... Bd6
32. Nc4 Bc7 1/2-1/2

[Event "Landsturneringen 2015"]
[Site "Oslo NOR"]
[Date "2015.07.07"]
[Round "5"]
[White "Kielland-Lund, Jon"]
[Black "Pettersen, Johan"]
[Result "0-1"]
[WhiteElo "1587"]
[BlackElo "1507"]
[Annotator "Kielland-Lund,Jon"]
[PlyCount "41"]
[EventDate "2015.07.04"]

1. c4 e5 2. Nc3 Bc5 3. Nf3 d6 4. e3 Nc6 5. d4 exd4 6. exd4 Bb6 7. Be2 Nf6 8. d5
Ne7 9. Bg5 Bf5 10. Bxf6 gxf6 11. Qa4+ Bd7 12. Qc2 Ng6 13. O-O Qe7 14. Qe4 Ne5
15. Nd4 f5 16. Nxf5 Qg5 17. Ne3 f5 18. Qc2 (18. h4) 18... Rg8 19. g3 f4 20.
Ned1 (20. Ne4) 20... fxg3 21. hxg3 {fryktelig} 0-1

[Event "Landsturneringen 2015"]
[Site "Oslo NOR"]
[Date "2015.07.08"]
[Round "6"]
[White "Eriksen, Marius"]
[Black "Kielland-Lund, Jon"]
[Result "0-1"]
[WhiteElo "1550"]
[BlackElo "1587"]
[Annotator "Kielland-Lund,Jon"]
[PlyCount "86"]
[EventDate "2015.07.04"]

1. c4 e5 2. Nc3 Nc6 3. g3 Nf6 4. Bg2 Bb4 5. a3 Bxc3 6. bxc3 O-O 7. d4 Rb8 8. e3
Re8 9. Ne2 b6 10. O-O Bb7 11. Bb2 Na5 12. Bxb7 Rxb7 13. Qa4 d6 14. Rfd1 Qd7 15.
Qb5 Qh3 16. Kh1 a6 17. Ng1 axb5 18. Nxh3 bxc4 19. Ra2 h6 20. Kg2 g5 21. dxe5
Rxe5 22. Ba1 Nb3 23. Re2 Nxa1 24. Rxa1 Ra7 (24... Ra5 25. a4 Rba7) 25. a4 Rea5
26. Rea2 Ne4 27. Ra3 Nc5 28. f4 f6 29. Nf2 Rxa4 30. Rxa4 Rxa4 31. Rxa4 Nxa4 32.
fxg5 fxg5 33. Nd1 g4 34. h3 gxh3+ 35. Kxh3 Kf7 36. Kg4 Kg6 37. Kf4 Kf6 38. Kg4
b5 39. e4 c5 40. Kh5 Kg7 41. Ne3 Nxc3 42. Nf5+ Kf6 43. Nxh6 Ke5 0-1

[Event "Landsturneringen 2015"]
[Site "Oslo NOR"]
[Date "2015.07.09"]
[Round "7"]
[White "Kielland-Lund, Jon"]
[Black "Imhof, David"]
[Result "0-1"]
[WhiteElo "1587"]
[BlackElo "1552"]
[Annotator "Kielland-Lund,Jon"]
[PlyCount "88"]
[EventDate "2015.07.04"]

1. c4 e5 2. Nc3 f5 3. d4 exd4 4. Qxd4 Nf6 5. Nf3 Nc6 6. Qe3+ Be7 7. Nd5 Nxd5 8.
cxd5 Nb4 9. Qb3 a5 10. a3 a4 11. Qd1 Na6 12. Qxa4 b5 13. Qd1 O-O 14. e3 (14. d6
) 14... Rb8 15. b4 c5 16. dxc6 dxc6 17. Qxd8 Rxd8 18. Bb2 Nxb4 19. axb4 Bxb4+
20. Ke2 Be6 21. Nd4 Bc4+ 22. Kf3 Bd5+ 23. Kg3 Bd6+ 24. f4 Be4 25. h4 Bb4 26.
Be2 c5 27. Bxb5 Rxb5 28. Nxb5 Rd2 29. Rhg1 {??} Rxb2 30. Nd6 Rb3 31. Nxe4 Rxe3+
32. Kf2 Rxe4 33. Kf3 Bd2 34. g3 c4 35. Rgd1 (35. Ra8+) 35... c3 36. Ra2 Re3+
37. Kf2 Rd3 38. Kg2 g6 39. Rb1 Rd7 40. Kf2 Kg7 41. Rd1 Kh6 42. Ke2 Kh5 43. Kf3
Rd3+ 44. Kg2 Kg4 0-1

[Event "Landsturneringen 2015"]
[Site "Oslo NOR"]
[Date "2015.07.11"]
[Round "9"]
[White "Kielland-Lund, Jon"]
[Black "Wood, Rowan John"]
[Result "0-1"]
[WhiteElo "1587"]
[BlackElo "1525"]
[Annotator "Kielland-Lund,Jon"]
[PlyCount "88"]
[EventDate "2015.07.04"]

1. c4 c6 (1... e6 2. e4) 2. e4 e5 3. Nf3 d6 4. d4 exd4 5. Nxd4 Nf6 6. Nc3 Be7
7. Be2 Na6 8. O-O Nc5 9. f3 a5 10. Be3 O-O 11. b3 Re8 12. Qd2 Bf8 13. Nc2 Ne6
14. Rfd1 Qe7 15. Qe1 Rd8 16. Rd2 g6 17. Rad1 Ne8 18. Na4 Bg7 19. Qf2 Bd7 20. c5
Be5 21. f4 Bg7 22. cxd6 Qf8 23. e5 (23. f5) 23... f6 24. Qg3 Bh6 25. Rf1 f5 26.
Nb6 Rab8 27. h4 Kh8 28. Qf2 Qf7 29. g3 N8g7 30. Na3 Nf8 31. Nac4 a4 32. Nxa4
Be6 33. Nab6 Nd7 34. a4 Nxb6 35. Bxb6 Rd7 36. Kh2 Bd5 37. Rd4 (37. Rfd1 Ne6)
37... Ne6 38. Rd2 Ng7 39. Rc1 Kg8 40. Bd3 Be6 41. Qg2 Ne8 42. a5 Ra8 43. Rcc2
Bg7 44. Kg1 h6 {Resten av trekkene mangler pga krøll med notasjonen.} 0-1

[Event "Landsturneringen 2014"]
[Site "Trondheim, Sør-Trøndelag NOR"]
[Date "2014.07.12"]
[Round "1"]
[White "Langmyhr, Tore"]
[Black "Lange, David"]
[Result "1-0"]
[WhiteElo "1897"]
[BlackElo "1817"]
[PlyCount "99"]
[EventDate "2014.07.12"]

1. c4 c5 2. Nc3 Nf6 3. Nf3 d6 4. g3 g6 5. Bg2 Bg7 6. O-O O-O 7. d4 Nc6 8. d5
Nb8 9. e4 Nbd7 10. h3 a6 11. a4 Rb8 12. Be3 Ne8 13. Qd2 Nc7 14. Bh6 b5 15. Bxg7
Kxg7 16. axb5 axb5 17. cxb5 Nxb5 18. Nxb5 Rxb5 19. Qc3+ Kg8 20. e5 Nxe5 21.
Nxe5 dxe5 22. Qxe5 Qd6 23. Rfe1 Qxe5 24. Rxe5 e6 25. d6 Rxb2 26. Rd1 Bd7 27.
Rxc5 Rb6 28. Rc7 Rd8 29. g4 Kf8 30. Kh2 Bb5 31. Rc5 Bd7 32. Kg3 Ke8 33. Rd4 Kf8
34. Kf4 Rb5 35. Rxb5 Bxb5 36. g5 Bd7 37. h4 Rb8 38. Bf1 Ra8 39. Rb4 Rc8 40. Bd3
Ra8 41. Be4 Rc8 42. Ke5 Kg7 43. Rb7 Rd8 44. Rc7 Ba4 45. Bb7 Rd7 46. Bc8 Rd8 47.
Bxe6 Be8 48. d7 Bxd7 49. Rxd7 Rf8 50. f4 1-0

[Event "Landsturneringen 2014"]
[Site "Trondheim, Sør-Trøndelag NOR"]
[Date "2014.07.12"]
[Round "1"]
[White "Winther Jensen, Torben"]
[Black "Furnes, Torstein"]
[Result "0-1"]
[WhiteElo "1510"]
[BlackElo "1609"]
[Annotator "Furnes,Torstein"]
[PlyCount "50"]
[EventDate "2014.07.12"]

1. e4 c5 2. Nf3 Nc6 3. c3 d5 4. exd5 Qxd5 5. Be2 Nf6 6. d3 Bf5 7. Nh4 $146 {Et
trekk som ikke er tidligere spilt hos chesslive.de.} Bg6 8. Nxg6 hxg6 9. Bf3
Qd6 10. g3 O-O-O 11. Be3 Ne5 12. Be2 $6 (12. d4) 12... Qc6 13. O-O Nxd3 ({Det
var også mulig å slå bonden med tårnet:} 13... Rxd3 $1 14. Bxd3 Nf3+ 15. Qxf3 (
15. Kg2 Rxh2#) 15... Qxf3) 14. Bxd3 c4 15. Na3 Rxd3 16. Qe2 Qe6 (16... e5 17.
Nc2 Qe6) 17. Qf3 $6 $19 (17. Rfd1 Qh3 18. f3 $11) 17... Ng4 18. h4 Nxe3 19.
fxe3 Rxe3 20. Qf2 (20. Qf4 g5 21. Qxg5 Rh5 $1 22. Qf4 (22. Qxh5 Rxg3+ 23. Kf2 (
23. Kh2 Qh3#) 23... Qe3#) 22... g5 23. Qxc4+ Qxc4 24. Nxc4 Rxg3+ 25. Kf2 gxh4)
20... Qe5 ({Jeg vurderte også} 20... Rxh4 21. gxh4 Qg4+ 22. Qg2 Rg3) 21. Kg2 $2
({Hvit må prøve} 21. Rfe1 Qxg3+ 22. Qxg3 Rxg3+ 23. Kf2) ({På} 21. Qf4 {kunne
en morsom avslutning blitt} Rxg3+ 22. Kh2 Rg4 23. Qxe5 Rhxh4#) 21... Re2 22.
Rae1 Rxf2+ 23. Kxf2 Qc5+ 24. Kg2 f5 25. b4 cxb3 0-1

[Event "Landsturneringen 2014"]
[Site "Trondheim, Sør-Trøndelag NOR"]
[Date "2014.07.12"]
[Round "1"]
[White "Våge, Edvard"]
[Black "Lange, Holger"]
[Result "1-0"]
[WhiteElo "1561"]
[BlackElo "1663"]
[PlyCount "83"]
[EventDate "2014.07.12"]

1. e4 c5 2. Nc3 Nc6 3. f4 d6 4. Nf3 Nf6 5. Bb5 Bd7 6. O-O e6 7. d3 Be7 8. Qe1
O-O 9. a3 a6 10. Bc4 b5 11. Ba2 Rc8 12. Ne2 Qb6 13. Be3 Ng4 14. Ng3 Nxe3 15.
Qxe3 Qc7 16. f5 Bf6 17. Nh5 Qd8 18. Nxf6+ Qxf6 19. fxe6 Bxe6 20. Ng5 Qd4 21.
Qxd4 Nxd4 22. Nxe6 Nxe6 23. c3 a5 24. Rf5 Rc7 25. Raf1 Re7 26. e5 dxe5 27. Rxe5
Rc8 28. d4 Rec7 29. Rxe6 fxe6 30. Bxe6+ Kh8 31. Bxc8 Rxc8 32. dxc5 a4 33. Rf5
g6 34. Rd5 Rc6 35. Kf2 Kg7 36. Ke3 Kf6 37. Kd4 Ke6 38. c4 bxc4 39. Kxc4 Ra6 40.
Rd6+ Rxd6 41. cxd6 Kxd6 42. Kb4 1-0

[Event "Landsturneringen 2014"]
[Site "Trondheim, Sør-Trøndelag NOR"]
[Date "2014.07.12"]
[Round "1"]
[White "Brekke, John Ivar"]
[Black "Ruud, Kjetil"]
[Result "0-1"]
[WhiteElo "1368"]
[BlackElo "1288"]
[PlyCount "116"]
[EventDate "2014.07.12"]

1. c4 b6 2. d4 Bb7 3. Nc3 e6 4. e4 Bb4 5. f3 Bxc3+ 6. bxc3 d6 7. Be3 Nd7 8. Bd3
Qh4+ 9. Bf2 Qg5 10. g3 O-O-O 11. Qc2 e5 12. h4 Qe7 13. O-O-O g5 14. Be3 gxh4
15. Rxh4 a5 16. Qh2 f6 17. Ne2 Qf7 18. g4 Ba6 19. d5 Nf8 20. Rh1 Qd7 21. Ng3
Qa4 22. Qe2 Ne7 23. Nh5 Neg6 24. R4h2 Nd7 25. Kb1 Nf4 26. Qc2 Qxc2+ 27. Kxc2
Ng6 28. Be2 Rdf8 29. Rb1 Kb7 30. Kd3 c6 31. Kd2 Rc8 32. Rhh1 cxd5 33. cxd5 Bxe2
34. Kxe2 Rxc3 35. Rhc1 Rhc8 36. Kd2 Rxc1 37. Rxc1 Rxc1 38. Kxc1 Nh4 39. f4 Ng2
40. Bd2 a4 41. f5 Nh4 42. Bh6 Nf3 43. Kd1 Ng5 44. Nxf6 Nxf6 45. Bxg5 Nxe4 46.
Be7 Kc7 47. g5 Nf2+ 48. Ke2 Nh3 49. Kf3 Kd7 50. Bf6 Nf4 51. Ke4 Nh5 52. Bh8 Ke7
53. g6 hxg6 54. fxg6 Nf6+ 55. Kf5 Ng8 56. g7 a3 57. Kg6 e4 58. Kh7 Kf7 0-1

[Event "Landsturneringen 2014"]
[Site "Trondheim, Sør-Trøndelag NOR"]
[Date "2014.07.12"]
[Round "1"]
[White "Holm, Kjetil"]
[Black "Kjelstrup, Joachim"]
[Result "1-0"]
[WhiteElo "1181"]
[BlackElo "1090"]
[PlyCount "77"]
[EventDate "2014.07.12"]

1. e4 c5 2. Nc3 d6 3. f4 Nc6 4. Nf3 g6 5. Bc4 Nf6 6. d3 Bg7 7. O-O O-O 8. Qe1
e6 9. f5 exf5 10. Bg5 Re8 11. Qh4 Be6 12. Nd5 Bxd5 13. Bxd5 Nb4 14. Bb3 b5 15.
exf5 d5 16. fxg6 fxg6 17. a3 c4 18. dxc4 dxc4 19. Bxc4+ bxc4 20. axb4 Qb6+ 21.
Qf2 Qxf2+ 22. Rxf2 Ne4 23. Re2 Nxg5 24. Rxe8+ Rxe8 25. Nxg5 Bxb2 26. Rd1 Bc3
27. Kf1 Bxb4 28. Rd7 Re1+ 29. Kf2 Rc1 30. Nxh7 Rxc2+ 31. Kf3 Bc3 32. Rxa7 Bg7
33. Ng5 Bd4 34. Ra8+ Kg7 35. Ne6+ Kh7 36. Nxd4 Rd2 37. Ne2 c3 38. Rc8 c2 39.
Ke3 {Svart ga opp} 1-0

[Event "Landsturneringen 2014"]
[Site "Trondheim, Sør-Trøndelag NOR"]
[Date "2014.07.12"]
[Round "1"]
[White "Lea, Per"]
[Black "Synnestvedt, Jan"]
[Result "1/2-1/2"]
[WhiteElo "1661"]
[BlackElo "1843"]
[Annotator "Lea, Per"]
[PlyCount "126"]
[EventDate "2014.07.12"]

1. e4 e6 2. d4 d5 3. Nc3 Nf6 4. Bg5 dxe4 5. Nxe4 Be7 6. Nxf6+ Bxf6 7. Bxf6 Qxf6
8. Nf3 O-O 9. Bd3 c5 10. c3 cxd4 11. Nxd4 Nd7 12. Qc2 h6 13. h4 a6 14. Be4 Nc5
15. Bf3 $4 e5 16. Nb3 Bf5 17. Qe2 Nxb3 $2 (17... Nd3+ 18. Kf1 e4 19. Bh5 g6 20.
g4 Be6 {0-1}) 18. axb3 e4 19. Bg4 Rad8 20. Bxf5 Qxf5 21. Rd1 Rd3 22. O-O Rfd8
23. Rxd3 exd3 24. Qd2 Re8 25. Re1 Rxe1+ 26. Qxe1 Qd5 27. Qd1 Qe4 28. f3 Qxh4 $2
29. Qxd3 Qe1+ 30. Kh2 Qe5+ 31. g3 g5 32. Kg2 h5 33. b4 Kg7 34. Kh3 Kf6 35. Qd8+
Kg6 36. Qg8+ Qg7 37. Qc8 f6 38. Qe6 Qf7 39. Qe3 Qd7+ 40. Kg2 g4 41. f4 Qc6+ 42.
Kh2 Kf7 43. Qd3 Kg7 44. Qe3 Qd5 45. Qe7+ Qf7 46. Qe4 Qd7 47. Qe3 {Med
remistilbud} Kf7 48. Qe2 Qd5 49. c4 Qd4 50. b3 Qd6 51. c5 Qd5 52. Qc2 Kg7 53.
Qc3 Qd1 54. Qe3 Qc2+ 55. Kg1 Kf7 56. Kh1 Qd1+ 57. Kg2 Qd5+ 58. Kg1 Qe6 59. Qd3
Qe1+ 60. Kg2 Qxb4 61. Qd7+ Kg6 62. Qe8+ Kh6 63. Qh8+ Kg6 1/2-1/2

[Event "Landsturneringen 2014"]
[Site "Trondheim, Sør-Trøndelag NOR"]
[Date "2014.07.12"]
[Round "1"]
[White "Bakken, Svein-Erik"]
[Black "Yggeseth, Øistein"]
[Result "1-0"]
[WhiteElo "1401"]
[BlackElo "1383"]
[PlyCount "61"]
[EventDate "2014.07.12"]

1. d4 e6 2. c4 Nf6 3. Nc3 Bb4 4. Bg5 h6 5. Bh4 O-O 6. e3 Bxc3+ 7. bxc3 b6 8.
Nf3 d6 9. Be2 Nbd7 10. O-O Bb7 11. Qb3 c5 12. Bg3 Ne4 13. Rfd1 Nxg3 14. hxg3
Qe7 15. Rd2 Nf6 16. dxc5 dxc5 17. Rad1 Rad8 18. a4 Rxd2 19. Rxd2 Rd8 20. Qd1
Rxd2 21. Qxd2 Ne4 22. Qb2 Qf6 23. a5 Qxc3 24. Qb5 Qa1+ 25. Bf1 Nf6 26. axb6
axb6 27. Qxb6 Be4 28. Qxc5 Bd3 29. Nh2 Ne4 30. Qd4 Qd1 31. Qxd3 1-0

[Event "Landsturneringen 2014"]
[Site "Trondheim, Sør-Trøndelag NOR"]
[Date "2014.07.12"]
[Round "1"]
[White "Lystad, Maximilian"]
[Black "Lange, Magnus"]
[Result "1-0"]
[WhiteElo "974"]
[BlackElo "655"]
[PlyCount "45"]
[EventDate "2014.07.12"]

1. e4 e5 2. Nf3 Nc6 3. d4 exd4 4. Nxd4 Bc5 5. Be3 d6 6. Nxc6 bxc6 7. Bxc5 dxc5
8. Qxd8+ Kxd8 9. Bc4 Ke7 10. Nc3 Nf6 11. f3 Re8 12. O-O-O Kf8 13. Rhe1 Re7 14.
Rd8+ Re8 15. Rxe8+ Nxe8 16. e5 Be6 17. Bxe6 fxe6 18. f4 Kf7 19. Ne4 h6 20. Rd1
Kg6 21. g4 c4 22. Nc5 Kf7 23. Rd7+ 1-0

[Event "Landsturneringen 2014"]
[Site "Trondheim, Sør-Trøndelag NOR"]
[Date "2014.07.12"]
[Round "1"]
[White "Dahl, Ian"]
[Black "Thorvaldsen, Thomas"]
[Result "1-0"]
[WhiteElo "622"]
[BlackElo "1058"]
[PlyCount "71"]
[EventDate "2014.07.12"]

1. e4 e5 2. f4 d6 3. g3 Nf6 {[%emt 0:00:00]} 4. Nc3 g6 5. Bg2 Bg4 6. Bf3 Bxf3
7. Nxf3 Nc6 8. d3 Bg7 9. Bd2 O-O 10. Nd5 Nxd5 11. exd5 Ne7 12. c4 a6 13. Bc3
exf4 14. gxf4 Bxc3+ 15. bxc3 b5 16. h4 Nf5 17. Kf2 Qf6 18. d4 bxc4 19. Qf1 Qe7
20. Re1 Qd7 21. Qh3 Rab8 22. Re2 Rfe8 23. Rd2 Qe7 24. Re1 Qd7 25. Rde2 Rxe2+
26. Kxe2 Rb2+ 27. Kf1 Rxa2 28. h5 gxh5 29. Nh4 Ne3+ 30. Qxe3 Rh2 31. Qg3+ Qg4
32. Qxh2 a5 33. Qg2 Qxg2+ 34. Kxg2 a4 35. Nf5 a3 36. Re8# 1-0